000 00454nam a2200169Ia 4500
003 LK-CoDNM
008 010623t2009 xxu||||| |||| 00| 1 sin d
040 _aLK-CoDNM
_dLK-CoDNM
_eLK-CoDNM
041 _asin
080 _a22 PER
100 _aPerera Piyatuma,J.Patric
245 _aනිල පූජ්‍යකවරයා
246 _aNila Pujakawaraya
260 _bCatholic Printing Press
_aColombo
_c2009
300 _b40, 21 cm
942 _cBK
999 _c128781
_d128781